The visual display of quantitative information

Αποθηκεύτηκε σε:
Λεπτομέρειες βιβλιογραφικής εγγραφής
Κύριος συγγραφέας: Tufte, Edward R., 1942-
Μορφή: Βιβλίο
Γλώσσα:English
Δημοσίευση: Cheshire, Conn. : Graphics Press, c1983.
Θέματα:
Ετικέτες: Προσθήκη ετικέτας
Δεν υπάρχουν, Καταχωρήστε ετικέτα πρώτοι!

MARC

LEADER 00000cam a2200000 i 4500
001 1/74169
008 970902s1983 ctu| || | |||| ||eng||
035 |a 1990  |b 3  |c Μεϊμάρης  |l 10031725 
040 |a GR-MyUa  |b gre  |e AACR2 
041 0 |a eng 
082 7 |a 001.4226   |2 (21) 
100 1 |a Tufte, Edward R.,   |d 1942- 
245 1 4 |a The visual display of quantitative information /   |c Edward R. Tufte. 
260 |a Cheshire, Conn. :   |b Graphics Press,   |c c1983. 
300 |a 197 σ. :   |b εικ. (μερ. έγχρ.) ;   |c 28 εκ. 
500 |a Περιλαμβάνει ευρετήριο. 
650 0 0 |a Statistics  |x Graphic methods. 
852 |a INST  |b RHODES  |e 19970902  |h 001.4226 TUF  |p 005400007887  |q 005400007887  |t BK  |y 0 
852 |a INST  |b SYROS  |e 20011015  |h 001.4226 TUF  |p 005500000811  |q 005500000811  |t BK  |y 0 
852 |a INST  |b SYROS  |e 20011015  |h 001.4226 TUF  |p 005500000812  |q 005500000812  |t BK  |y 0 
901 |a BIBL5-2001-3 
922 |a 5ΕΛΗ  |b 200108  |c ΕΠΕΑΕΚ2/183  |d ΠΑΠΑΣΩΤΗΡΙΟΥ 
970 |z 2000/08/ΔΕΜΕΝΑΓΑΣ ΠΕΤΡΟΣ